000 01216cam a22003135i 4500
999 _c27117
_d27089
001 13318414
003 OSt
005 20190211160716.0
008 030820s 2004nyuab frb 001 1 eng d
020 _a0321169794 (v. C)
020 _a9780321169792
040 _aDLC
_cDLC
_dDLC
_dEG-ScBUE
_beng
082 0 4 _222
_a808.8
_bLON
245 0 4 _aThe Longman anthology of world literature :
_hVol. C. The early modern period /
_cJane Tylus, David Damrosch, general editors.
246 1 4 _aLongman anthology, world literature
264 1 _aNew York :
_bPearson Education, Inc. ,
_cc.2004.
300 _axxv, 902 pages :
_billustrations (some col.), maps ;
_c24 cm.
336 _2rdacontent
_atxt
337 _2rdamedia
_aunmediated
338 _2rdacarrier
_avolume
504 _aIncludes bibliographical references and indexes.
505 1 _av. C. The early modern period / by Jane Tylus, David Damrosch
650 7 _aLiterature
_vCollections.
_2BUEsh
_929960
650 7 _aLiterature
_xHistory and criticism.
_2BUEsh
_930809
653 _bHHUUEENN
_cFebruary2019
700 1 _aDamrosch, David.
_eeditor.
856 4 1 _3Table of contents only
_uhttp://www.loc.gov/catdir/toc/fy0905/2003061890.html
942 _2ddc
_cBB